[Event "Voronezh op-A 18th"]
[Site "Voronezh"]
[Date "2014.06.16"]
[Round "5"]
[White "Sergienko, Sergey"]
[Black "Khalifman, Alexander"]
[Result "0-1"]
[WhiteElo "2402"]
[BlackElo "2617"]
[PlyCount "88"]
[EventDate "2014.06.12"]
[EventType "swiss"]
[EventRounds "9"]
[EventCountry "RUS"]
[SourceTitle "CBM 160 Extra"]
[Source "ChessBase"]
[SourceDate "2014.07.01"]
[SourceVersion "1"]
[SourceVersionDate "2014.07.01"]
[SourceQuality "1"]

1. e4 c5 2. Nf3 Nc6 3. Bb5 g6 4. Bxc6 bxc6 5. O-O Bg7 6. Re1 Nf6 7. e5 Nd5 8.
c4 Nc7 9. d4 cxd4 10. Qxd4 O-O 11. Qh4 f6 12. exf6 exf6 13. Nc3 Ne6 14. Nd4 f5
15. Qxd8 Rxd8 16. Nxe6 dxe6 17. Bg5 Rd4 18. Rad1 Rxc4 19. Rd8+ Kf7 20. Red1 h6
21. Be3 f4 22. Bc1 Bf6 23. R8d3 Rb8 24. f3 Bxc3 25. Rxc3 Rxc3 26. bxc3 Rb1 27.
Kf2 e5 28. g3 g5 29. h4 Be6 30. hxg5 hxg5 31. gxf4 gxf4 32. a3 Rb3 33. Re1 Rxc3
34. Bb2 Rc2+ 35. Re2 Rxe2+ 36. Kxe2 Kf6 37. Bc3 Bb3 38. Ba5 Ke6 39. Bc7 Kd5 40.
Bb8 a5 41. Bc7 a4 42. Bb6 c5 43. Ba5 Bc2 44. Kd2 Bg6 0-1

[Event "Voronezh op-A 18th"]
[Site "Voronezh"]
[Date "2014.06.18"]
[Round "6"]
[White "Sivuk, Vitaly"]
[Black "Khalifman, Alexander"]
[Result "0-1"]
[WhiteElo "2491"]
[BlackElo "2617"]
[PlyCount "112"]
[EventDate "2014.06.12"]
[EventType "swiss"]
[EventRounds "9"]
[EventCountry "RUS"]
[SourceTitle "CBM 160 Extra"]
[Source "ChessBase"]
[SourceDate "2014.07.01"]
[SourceVersion "1"]
[SourceVersionDate "2014.07.01"]
[SourceQuality "1"]

1. e4 e5 2. Nf3 Nc6 3. Bc4 Nf6 4. d3 Bc5 5. c3 O-O 6. O-O d5 7. exd5 Nxd5 8.
Re1 Bg4 9. Nbd2 Nb6 10. Bb5 Bd6 11. h3 Bh5 12. Ne4 Re8 13. Bg5 f6 14. Be3 a6
15. Bxc6 bxc6 16. g4 Bf7 17. c4 Bf8 18. Kh2 a5 19. Rg1 Bg6 20. Qc2 Nd7 21. Rad1
c5 22. Nh4 Qe7 23. Qe2 Qe6 24. Rg3 a4 25. Rdg1 Kh8 26. Qf3 Rab8 27. Bc1 Rbd8
28. Nf5 Nb8 29. h4 h6 30. Qe3 Nc6 31. Nxc5 Bxc5 32. Qxc5 Rd7 33. Re1 Red8 34.
Ree3 Nd4 35. Nxd4 Rxd4 36. Qxc7 Bxd3 37. b3 axb3 38. axb3 Bg6 39. h5 Be8 40. f3
Bc6 41. Qa5 Rd1 42. Qc3 R8d4 43. Rg2 Qd6 44. Rf2 R4d3 45. Qc2 Qd4 46. Rxd3 Rxd3
47. Kg3 Qe4 48. Kh2 Qe1 49. Qe2 Qxe2 50. Rxe2 Bxf3 51. Rb2 Bxg4 52. Bd2 Be6 53.
Kg2 Kg8 54. Kf2 Kf7 55. Be3 f5 56. Bb6 e4 0-1

[Event "Liepajas Rokade op"]
[Site "Liepaja"]
[Date "2014.07.10"]
[Round "1"]
[White "Apinis, Guntis"]
[Black "Khalifman, Alexander"]
[Result "0-1"]
[WhiteElo "1859"]
[BlackElo "2621"]
[PlyCount "72"]
[EventDate "2014.07.10"]
[EventType "swiss (rapid)"]
[EventRounds "13"]
[EventCountry "LAT"]
[SourceTitle "EXT 2015"]
[Source "ChessBase"]
[SourceDate "2014.11.20"]
[SourceVersion "1"]
[SourceVersionDate "2014.11.20"]
[SourceQuality "1"]

1. d4 Nf6 2. Nf3 g6 3. e3 Bg7 4. Bd3 O-O 5. O-O c5 6. c3 d5 7. dxc5 Qc7 8. Nbd2
Qxc5 9. Nb3 Qc7 10. Qe2 e5 11. e4 dxe4 12. Bxe4 Nxe4 13. Qxe4 Bf5 14. Qe3 Nc6
15. Rd1 Rad8 16. Bd2 Rd3 17. Qe2 Rfd8 18. Bg5 f6 19. Be3 b6 20. Ne1 R3d6 21.
Rxd6 Qxd6 22. Nd2 Qd5 23. Qc4 Be6 24. Qxd5 Rxd5 25. c4 Rd7 26. b3 f5 27. Nf1 f4
28. Bd2 e4 29. Rc1 Nd4 30. Kh1 Ne2 31. Rc2 Nd4 32. Rc1 g5 33. g3 Bh3 34. gxf4
Bxf1 35. fxg5 Nxb3 36. axb3 Rxd2 0-1

[Event "Liepajas Rokade op"]
[Site "Liepaja"]
[Date "2014.07.10"]
[Round "2"]
[White "Khalifman, Alexander"]
[Black "Berzinsh, Ivars"]
[Result "1-0"]
[WhiteElo "2621"]
[BlackElo "2181"]
[PlyCount "54"]
[EventDate "2014.07.10"]
[EventType "swiss (rapid)"]
[EventRounds "13"]
[EventCountry "LAT"]
[SourceTitle "EXT 2015"]
[Source "ChessBase"]
[SourceDate "2014.11.20"]
[SourceVersion "1"]
[SourceVersionDate "2014.11.20"]
[SourceQuality "1"]

1. Nf3 e6 2. c4 b6 3. g3 Bb7 4. Bg2 f5 5. O-O Nf6 6. d3 Be7 7. Nc3 O-O 8. e4 d6
9. Nd4 Qc8 10. exf5 Bxg2 11. Kxg2 Qb7+ 12. Kg1 exf5 13. Nxf5 Rf7 14. d4 Nbd7
15. d5 Ne5 16. b3 Bf8 17. f4 Ned7 18. Nd4 g6 19. Ne6 Nc5 20. Bb2 Re8 21. f5
gxf5 22. Nxf8 Kxf8 23. Rxf5 Qc8 24. Qf3 Ncd7 25. Rf1 Ree7 26. Nb5 Qe8 27. Nxc7
Ng8 1-0

[Event "Liepajas Rokade op"]
[Site "Liepaja"]
[Date "2014.07.11"]
[Round "6"]
[White "Khalifman, Alexander"]
[Black "Sveshnikov, Vladimir"]
[Result "1-0"]
[WhiteElo "2621"]
[BlackElo "2380"]
[PlyCount "83"]
[EventDate "2014.07.10"]
[EventType "swiss (rapid)"]
[EventRounds "13"]
[EventCountry "LAT"]
[SourceTitle "EXT 2015"]
[Source "ChessBase"]
[SourceDate "2014.11.20"]
[SourceVersion "1"]
[SourceVersionDate "2014.11.20"]
[SourceQuality "1"]

1. d4 d5 2. c4 e6 3. Nf3 Nf6 4. Nc3 c6 5. Bg5 h6 6. Bxf6 Qxf6 7. e3 g6 8. Be2
Bg7 9. O-O O-O 10. Ne5 dxc4 11. Nxc4 Nd7 12. Bf3 c5 13. dxc5 Rd8 14. Ne4 Qe7
15. Qd6 Qxd6 16. cxd6 f5 17. Nc3 Ne5 18. Nxe5 Bxe5 19. Rfd1 a5 20. Rac1 Ra6 21.
Nb5 Bd7 22. Rc5 Bxb2 23. a4 Rb6 24. Be2 Rc6 25. Rxc6 Bxc6 26. Bc4 Kf7 27. f4
Bg7 28. Nc7 Bd7 29. Rb1 Bc8 30. Nxe6 Bxe6 31. Rxb7+ Kf6 32. Bxe6 Kxe6 33. Rxg7
Kxd6 34. Rxg6+ Kc5 35. Rxh6 Kb4 36. Rb6+ Kxa4 37. h4 Rh8 38. g3 Ka3 39. Kf2 a4
40. Kf3 Ka2 41. e4 fxe4+ 42. Kxe4 1-0

[Event "Liepajas Rokade op"]
[Site "Liepaja"]
[Date "2014.07.12"]
[Round "10"]
[White "Khalifman, Alexander"]
[Black "Kovalev, Vladislav"]
[Result "1/2-1/2"]
[WhiteElo "2621"]
[BlackElo "2554"]
[PlyCount "75"]
[EventDate "2014.07.10"]
[EventType "swiss (rapid)"]
[EventRounds "13"]
[EventCountry "LAT"]
[SourceTitle "EXT 2015"]
[Source "ChessBase"]
[SourceDate "2014.11.20"]
[SourceVersion "1"]
[SourceVersionDate "2014.11.20"]
[SourceQuality "1"]

1. d4 Nf6 2. c4 g6 3. g3 Bg7 4. Bg2 O-O 5. Nc3 Nc6 6. Nf3 d5 7. cxd5 Nxd5 8.
O-O Nb6 9. d5 Na5 10. e4 c6 11. Bg5 h6 12. Bf4 Nac4 13. Qe2 e5 14. dxe6 Bxe6
15. Rad1 Qe7 16. Nd4 Rad8 17. Nxe6 Qxe6 18. Bc1 Nd6 19. Rfe1 Rfe8 20. Qc2 a6
21. b3 Nb5 22. Ne2 Qe7 23. a4 Nc7 24. Nf4 Nd7 25. Be3 Ne6 26. Nxe6 Qxe6 27. h3
Nf6 28. Bb6 Rxd1 29. Qxd1 Nd7 30. Be3 h5 31. f4 Bf8 32. Qc2 Nf6 33. Bf2 Bb4 34.
Re2 Rd8 35. Kh2 Bf8 36. Qc4 Qxc4 37. bxc4 Bb4 38. e5 1/2-1/2

[Event "Liepajas Rokade op"]
[Site "Liepaja"]
[Date "2014.07.12"]
[Round "11"]
[White "Muhamadejevs, Rinats"]
[Black "Khalifman, Alexander"]
[Result "0-1"]
[WhiteElo "2350"]
[BlackElo "2621"]
[PlyCount "36"]
[EventDate "2014.07.10"]
[EventType "swiss (rapid)"]
[EventRounds "13"]
[EventCountry "LAT"]
[SourceTitle "EXT 2015"]
[Source "ChessBase"]
[SourceDate "2014.11.20"]
[SourceVersion "1"]
[SourceVersionDate "2014.11.20"]
[SourceQuality "1"]

1. e4 c5 2. Nf3 Nc6 3. d4 cxd4 4. Nxd4 g6 5. c4 Nf6 6. Nc3 d6 7. Be2 Nxd4 8.
Qxd4 Bg7 9. O-O O-O 10. Qd2 a5 11. f3 a4 12. Qc2 Qa5 13. Bd2 Qa7+ 14. Kh1 Be6
15. Nb5 Qb6 16. b3 axb3 17. axb3 Rxa1 18. Rxa1 Nxe4 0-1

[Event "Keres Memorial rap 24th"]
[Site "Tallinn"]
[Date "2015.01.10"]
[Round "1"]
[White "Sveshnikov, Evgeny"]
[Black "Khalifman, Alexander"]
[Result "0-1"]
[WhiteElo "2514"]
[BlackElo "2613"]
[PlyCount "112"]
[EventDate "2015.01.10"]
[EventType "tourn (rapid)"]
[EventRounds "9"]
[EventCountry "EST"]
[EventCategory "12"]
[SourceTitle "CBM 164 Extra"]
[Source "ChessBase"]
[SourceDate "2015.03.02"]
[SourceVersion "1"]
[SourceVersionDate "2015.03.02"]
[SourceQuality "1"]

1. e4 e5 2. Nf3 Nc6 3. Nc3 Nf6 4. d4 exd4 5. Nxd4 Bb4 6. Nxc6 bxc6 7. Bd3 d5 8.
exd5 O-O 9. O-O cxd5 10. Bg5 c6 11. Qf3 Bd6 12. h3 h6 13. Bxf6 Qxf6 14. Qxf6
gxf6 15. Ne2 Rb8 16. b3 c5 17. c4 d4 18. Ng3 Bxg3 19. fxg3 Rb6 20. Rae1 Re6 21.
Kf2 Rfe8 22. Re2 a5 23. Rfe1 Kf8 24. g4 Bb7 25. g3 Re5 26. Bf5 Bc6 27. Bc2
Rxe2+ 28. Rxe2 Rxe2+ 29. Kxe2 Ke7 30. Bh7 Ke6 31. h4 Ke5 32. Bg8 Bd7 33. Bxf7
Bxg4+ 34. Kd2 Bf3 35. Be8 f5 36. Bd7 f4 37. g4 Be4 38. g5 hxg5 39. hxg5 f3 40.
Be8 Kf5 41. g6 Kf6 42. Ke1 Bxg6 43. Bxg6 Kxg6 44. Kf2 Kf5 45. Kxf3 Ke5 46. a3
Kf5 47. Ke2 Ke4 48. Kd2 d3 49. b4 cxb4 50. axb4 axb4 51. c5 b3 52. c6 b2 53. c7
b1=Q 54. c8=Q Qb2+ 55. Kd1 Qe2+ 56. Kc1 d2+ 0-1

[Event "Keres Memorial rap 24th"]
[Site "Tallinn"]
[Date "2015.01.10"]
[Round "2"]
[White "Agrest, Evgenij"]
[Black "Khalifman, Alexander"]
[Result "1/2-1/2"]
[WhiteElo "2590"]
[BlackElo "2613"]
[PlyCount "20"]
[EventDate "2015.01.10"]
[EventType "tourn (rapid)"]
[EventRounds "9"]
[EventCountry "EST"]
[EventCategory "12"]
[SourceTitle "CBM 164 Extra"]
[Source "ChessBase"]
[SourceDate "2015.03.02"]
[SourceVersion "1"]
[SourceVersionDate "2015.03.02"]
[SourceQuality "1"]

1. Nf3 Nf6 2. c4 c5 3. Nc3 Nc6 4. d4 cxd4 5. Nxd4 g6 6. Nc2 Bg7 7. g3 h5 8. h3
d6 9. Bg2 Be6 10. Ne3 Qd7 1/2-1/2

[Event "Keres Memorial rap 24th"]
[Site "Tallinn"]
[Date "2015.01.10"]
[Round "3"]
[White "Khalifman, Alexander"]
[Black "Volodin, Aleksandr"]
[Result "1-0"]
[WhiteElo "2613"]
[BlackElo "2486"]
[PlyCount "79"]
[EventDate "2015.01.10"]
[EventType "tourn (rapid)"]
[EventRounds "9"]
[EventCountry "EST"]
[EventCategory "12"]
[SourceTitle "CBM 164 Extra"]
[Source "ChessBase"]
[SourceDate "2015.03.02"]
[SourceVersion "1"]
[SourceVersionDate "2015.03.02"]
[SourceQuality "1"]

1. Nf3 d5 2. c4 d4 3. b4 Bg4 4. Qa4+ c6 5. g3 Bxf3 6. exf3 e5 7. Bg2 Bd6 8. O-O
Nf6 9. d3 O-O 10. Nd2 Nbd7 11. Ne4 Nxe4 12. fxe4 a5 13. b5 Nc5 14. Qd1 cxb5 15.
cxb5 a4 16. Ba3 Ne6 17. Bc1 Qb6 18. Rb1 Ra5 19. Bd2 Rxb5 20. Qc2 Bb4 21. Qc4
Bxd2 22. Rxb5 Qc6 23. Qxc6 bxc6 24. Rb6 c5 25. Bh3 Ng5 26. Bg4 g6 27. h4 h5 28.
Bd1 Ne6 29. Bxa4 c4 30. dxc4 Nc5 31. Bc6 Rc8 32. Bd5 d3 33. Rxg6+ Kf8 34. Rc6
Rxc6 35. Bxc6 Bb4 36. Rb1 d2 37. Kf1 Nd3 38. Ke2 Nc1+ 39. Kd1 Nxa2 40. Rb2 1-0

[Event "Keres Memorial rap 24th"]
[Site "Tallinn"]
[Date "2015.01.10"]
[Round "4"]
[White "Tiviakov, Sergei"]
[Black "Khalifman, Alexander"]
[Result "1-0"]
[WhiteElo "2669"]
[BlackElo "2613"]
[PlyCount "79"]
[EventDate "2015.01.10"]
[EventType "tourn (rapid)"]
[EventRounds "9"]
[EventCountry "EST"]
[EventCategory "12"]
[SourceTitle "CBM 164 Extra"]
[Source "ChessBase"]
[SourceDate "2015.03.02"]
[SourceVersion "1"]
[SourceVersionDate "2015.03.02"]
[SourceQuality "1"]

1. e4 c5 2. Nc3 e6 3. Nge2 Nc6 4. d4 cxd4 5. Nxd4 Nf6 6. Ndb5 d6 7. Bf4 e5 8.
Bg5 a6 9. Na3 b5 10. Nd5 Be7 11. Bxf6 Bxf6 12. c3 O-O 13. Nc2 Bg5 14. a4 bxa4
15. Rxa4 a5 16. Bb5 Ne7 17. Nce3 Bxe3 18. Nxe3 Rb8 19. Qd3 Bb7 20. O-O Qb6 21.
Bc4 Bc6 22. Ra2 Rfd8 23. b3 Qb7 24. Nd5 Bxd5 25. exd5 Ra8 26. Rfa1 Qc7 27. Bb5
Ra7 28. Ra4 Rda8 29. g3 g6 30. Qd2 Kg7 31. Kg2 Qb6 32. c4 h5 33. R1a2 Nf5 34.
Bc6 Rb8 35. b4 e4 36. Qc3+ Kg8 37. c5 Qd8 38. Rxa5 Rxa5 39. bxa5 e3 40. a6 1-0

[Event "Keres Memorial rap 24th"]
[Site "Tallinn"]
[Date "2015.01.11"]
[Round "5"]
[White "Khalifman, Alexander"]
[Black "Sepp, Olav"]
[Result "1-0"]
[WhiteElo "2613"]
[BlackElo "2411"]
[PlyCount "111"]
[EventDate "2015.01.10"]
[EventType "tourn (rapid)"]
[EventRounds "9"]
[EventCountry "EST"]
[EventCategory "12"]
[SourceTitle "CBM 164 Extra"]
[Source "ChessBase"]
[SourceDate "2015.03.02"]
[SourceVersion "1"]
[SourceVersionDate "2015.03.02"]
[SourceQuality "1"]

1. d4 Nf6 2. c4 g6 3. Nc3 Bg7 4. e4 d6 5. Nf3 O-O 6. Be2 e5 7. O-O c6 8. d5 c5
9. Bg5 h6 10. Bh4 Na6 11. Nd2 Nc7 12. a3 Qe8 13. b4 b6 14. bxc5 bxc5 15. Qa4
Qxa4 16. Nxa4 Bd7 17. Nc3 Rfb8 18. Rfb1 Nfe8 19. Bd1 f5 20. f3 Bf6 21. Bxf6
Nxf6 22. Kf2 Kf7 23. Ba4 Bxa4 24. Nxa4 Ke7 25. Nc3 Rb6 26. Na4 Ra6 27. Nc3 Rb6
28. Ke2 Rab8 29. Rxb6 Rxb6 30. Kd3 h5 31. h4 Rb2 32. Na4 Rb8 33. Nc3 Rb2 34.
Rb1 Rxb1 35. Ndxb1 a6 36. Nd2 Nd7 37. Nb3 Nb6 38. Na5 f4 39. a4 Kf6 40. Nb7 Ke7
41. Na5 Kf6 42. Nc6 g5 43. a5 Nd7 44. Na4 gxh4 45. Nb6 Nf8 46. Nc8 h3 47. gxh3
Kg5 48. Nxd6 Kh4 49. Nxe5 Kxh3 50. Ke2 Kg3 51. Nf5+ Kg2 52. Nd3 Ng6 53. e5 h4
54. Nxh4+ Nxh4 55. Nxf4+ Kg3 56. d6 1-0

[Event "Keres Memorial rap 24th"]
[Site "Tallinn"]
[Date "2015.01.11"]
[Round "6"]
[White "Smirnov, Artem"]
[Black "Khalifman, Alexander"]
[Result "1/2-1/2"]
[WhiteElo "2446"]
[BlackElo "2613"]
[PlyCount "59"]
[EventDate "2015.01.10"]
[EventType "tourn (rapid)"]
[EventRounds "9"]
[EventCountry "EST"]
[EventCategory "12"]
[SourceTitle "CBM 164 Extra"]
[Source "ChessBase"]
[SourceDate "2015.03.02"]
[SourceVersion "1"]
[SourceVersionDate "2015.03.02"]
[SourceQuality "1"]

1. d4 Nf6 2. c4 b6 3. Nc3 Bb7 4. Nf3 e6 5. Bf4 Be7 6. e3 Nh5 7. Bd3 Nxf4 8.
exf4 Bxf3 9. Qxf3 Nc6 10. d5 Nd4 11. Qh3 c5 12. O-O-O g6 13. Kb1 O-O 14. Qe3 b5
15. cxb5 a6 16. h4 Nxb5 17. Bxb5 axb5 18. h5 g5 19. fxg5 b4 20. g6 Bg5 21. f4
bxc3 22. fxg5 Qa5 23. gxh7+ Kxh7 24. g6+ Kg8 25. a3 Rab8 26. gxf7+ Kh7 27. Qe4+
Kh8 28. Qe5+ Kh7 29. Qe4+ Kh8 30. Qe5+ 1/2-1/2

[Event "Keres Memorial rap 24th"]
[Site "Tallinn"]
[Date "2015.01.11"]
[Round "7"]
[White "Khalifman, Alexander"]
[Black "Kanep, Meelis"]
[Result "1-0"]
[WhiteElo "2613"]
[BlackElo "2509"]
[PlyCount "109"]
[EventDate "2015.01.10"]
[EventType "tourn (rapid)"]
[EventRounds "9"]
[EventCountry "EST"]
[EventCategory "12"]
[SourceTitle "CBM 164 Extra"]
[Source "ChessBase"]
[SourceDate "2015.03.02"]
[SourceVersion "1"]
[SourceVersionDate "2015.03.02"]
[SourceQuality "1"]

1. d4 Nf6 2. c4 g6 3. Nc3 Bg7 4. e4 d6 5. Nf3 O-O 6. Be2 Bg4 7. Be3 Nfd7 8. O-O
Nc6 9. Ne1 Bxe2 10. Nxe2 e5 11. d5 Ne7 12. Nd3 f5 13. f3 Nf6 14. Nc3 Qd7 15.
Nf2 Nh5 16. Qa4 Qxa4 17. Nxa4 Nf4 18. Rfe1 fxe4 19. fxe4 c5 20. Nc3 a6 21. a4
b6 22. Rab1 a5 23. Nb5 Rad8 24. g3 Nh5 25. Nc7 Rd7 26. Ne6 Re8 27. Ng4 Kh8 28.
Rf1 Ng8 29. Rf3 h6 30. Rbf1 Kh7 31. Kg2 Ree7 32. Bd2 Rb7 33. Be1 Rbd7 34. Bd2
Rb7 35. R1f2 Red7 36. Kf1 Re7 37. Ke2 Red7 38. Kd3 Re7 39. Nd8 Rbc7 40. Kc2
Red7 41. Ne6 Rb7 42. Kd3 Re7 43. Ke2 Red7 44. Nf8+ Bxf8 45. Rxf8 Kg7 46. Re8
Re7 47. Rd8 Red7 48. Ra8 Ra7 49. Rb8 Rab7 50. Rff8 Nhf6 51. Nxf6 Nxf6 52. Bxh6+
Kxh6 53. Rxb7 Rxb7 54. Rxf6 Kg7 55. Rxd6 1-0

[Event "Nakhchivan op"]
[Site "Nakhchivan"]
[Date "2015.05.02"]
[Round "1"]
[White "Sibashvili, Giorgi"]
[Black "Khalifman, Alexander"]
[Result "1/2-1/2"]
[WhiteElo "2361"]
[BlackElo "2613"]
[PlyCount "20"]
[EventDate "2015.05.02"]
[EventType "swiss"]
[EventRounds "9"]
[EventCountry "AZE"]
[SourceTitle "CBM 166 Extra"]
[Source "ChessBase"]
[SourceDate "2015.06.18"]
[SourceVersion "1"]
[SourceVersionDate "2015.06.18"]
[SourceQuality "1"]

1. d4 d5 2. c4 c6 3. cxd5 cxd5 4. Nf3 Nf6 5. Nc3 Nc6 6. Bf4 a6 7. Rc1 Nh5 8.
Bd2 Nf6 9. Bf4 Nh5 10. Bd2 Nf6 1/2-1/2

[Event "Nakhchivan op"]
[Site "Nakhchivan"]
[Date "2015.05.03"]
[Round "2"]
[White "Khalifman, Alexander"]
[Black "Shahaliyev, Ismayil Bahram"]
[Result "1-0"]
[WhiteElo "2613"]
[BlackElo "2357"]
[PlyCount "99"]
[EventDate "2015.05.02"]
[EventType "swiss"]
[EventRounds "9"]
[EventCountry "AZE"]
[SourceTitle "CBM 166 Extra"]
[Source "ChessBase"]
[SourceDate "2015.06.18"]
[SourceVersion "1"]
[SourceVersionDate "2015.06.18"]
[SourceQuality "1"]

1. d4 Nf6 2. c4 e6 3. Nc3 Bb4 4. Nf3 d5 5. Bg5 Nbd7 6. e3 c5 7. Bd3 cxd4 8.
exd4 dxc4 9. Bxc4 O-O 10. O-O Be7 11. Qe2 Nd5 12. Bxd5 Bxg5 13. Bb3 Bf6 14.
Rfd1 Nb6 15. Ne5 Bd7 16. Ne4 Bc6 17. Nxc6 bxc6 18. Rac1 Rc8 19. Nxf6+ Qxf6 20.
Qe4 Nd5 21. Ba4 Ne7 22. Bxc6 Rfd8 23. Ba4 Rxc1 24. Rxc1 Qxd4 25. Qxd4 Rxd4 26.
Rd1 Rxd1+ 27. Bxd1 Kf8 28. Kf1 Nd5 29. Bb3 Nf4 30. Bc4 Ke7 31. g3 Ng6 32. Ke2
Kd6 33. f4 f5 34. Ke3 e5 35. fxe5+ Kxe5 36. b4 Ne7 37. b5 g5 38. a4 Nd5+ 39.
Kd3 f4 40. a5 f3 41. b6 axb6 42. a6 Nc7 43. a7 Kd6 44. Ke3 Kc6 45. Kxf3 Kb7 46.
Kg4 h6 47. Kh5 Kxa7 48. g4 b5 49. Ba2 Kb7 50. Kxh6 1-0

[Event "Nakhchivan op"]
[Site "Nakhchivan"]
[Date "2015.05.04"]
[Round "3"]
[White "Darini, Pouria"]
[Black "Khalifman, Alexander"]
[Result "0-1"]
[WhiteElo "2479"]
[BlackElo "2613"]
[PlyCount "84"]
[EventDate "2015.05.02"]
[EventType "swiss"]
[EventRounds "9"]
[EventCountry "AZE"]
[SourceTitle "CBM 166 Extra"]
[Source "ChessBase"]
[SourceDate "2015.06.18"]
[SourceVersion "1"]
[SourceVersionDate "2015.06.18"]
[SourceQuality "1"]

1. e4 e5 2. Nf3 Nc6 3. Bb5 a6 4. Ba4 Nf6 5. O-O Be7 6. d3 d6 7. c4 O-O 8. h3
Nd7 9. Nc3 Nc5 10. Bxc6 bxc6 11. d4 exd4 12. Nxd4 Bb7 13. Be3 Bf6 14. Nde2 Nd7
15. c5 Qe7 16. Qb3 Rfb8 17. Qa3 Nxc5 18. Bxc5 dxc5 19. f4 c4 20. Qa5 g6 21.
Rad1 Bg7 22. Qa4 Qc5+ 23. Kh2 Rd8 24. e5 a5 25. Qc2 Qb4 26. Rxd8+ Rxd8 27. Rd1
Qe7 28. Rxd8+ Qxd8 29. Qa4 Qa8 30. Qxc4 c5 31. e6 Bxg2 32. exf7+ Kf8 33. Qe6
Bb7 34. Ng3 Qc8 35. Qc4 Bd4 36. Nce2 Qd7 37. f5 Qxf7 38. Qb5 Qd5 39. Nf4 Bg1+
40. Kxg1 Qd4+ 41. Kf1 Qxf4+ 42. Ke2 Bf3+ 0-1

[Event "Nakhchivan op"]
[Site "Nakhchivan"]
[Date "2015.05.05"]
[Round "4"]
[White "Khalifman, Alexander"]
[Black "Idani, Pouya"]
[Result "1/2-1/2"]
[WhiteElo "2613"]
[BlackElo "2496"]
[PlyCount "40"]
[EventDate "2015.05.02"]
[EventType "swiss"]
[EventRounds "9"]
[EventCountry "AZE"]
[SourceTitle "CBM 166 Extra"]
[Source "ChessBase"]
[SourceDate "2015.06.18"]
[SourceVersion "1"]
[SourceVersionDate "2015.06.18"]
[SourceQuality "1"]

1. d4 d5 2. c4 dxc4 3. Nf3 a6 4. e3 b5 5. a4 Bb7 6. b3 e6 7. bxc4 bxc4 8. Bxc4
c5 9. O-O cxd4 10. Qxd4 Qxd4 11. Nxd4 Nc6 12. Bb2 Nf6 13. Nxc6 Bxc6 14. Rc1 Bd7
15. Nd2 Bb4 16. Nf3 O-O 17. Ne5 Rfc8 18. Bd4 Be8 19. a5 Ne4 20. Bf1 Rxc1
1/2-1/2

[Event "Nakhchivan op"]
[Site "Nakhchivan"]
[Date "2015.05.06"]
[Round "5"]
[White "Mousavi, Seyed Khalil"]
[Black "Khalifman, Alexander"]
[Result "0-1"]
[WhiteElo "2351"]
[BlackElo "2613"]
[PlyCount "92"]
[EventDate "2015.05.02"]
[EventType "swiss"]
[EventRounds "9"]
[EventCountry "AZE"]
[SourceTitle "CBM 166 Extra"]
[Source "ChessBase"]
[SourceDate "2015.06.18"]
[SourceVersion "1"]
[SourceVersionDate "2015.06.18"]
[SourceQuality "1"]

1. d4 d6 2. c4 e5 3. d5 f5 4. Nc3 Nf6 5. g3 g6 6. Bg2 Bg7 7. Nf3 O-O 8. O-O a5
9. Rb1 Bd7 10. Ne1 h6 11. e4 Na6 12. Nd3 Nb4 13. a3 Nxd3 14. Qxd3 a4 15. f4
exf4 16. Bxf4 Ng4 17. exf5 gxf5 18. Nd1 Qf6 19. Kh1 Rae8 20. Nf2 Qd4 21. Qxd4
Bxd4 22. Nxg4 fxg4 23. b3 axb3 24. Rxb3 b6 25. Rd3 Bg7 26. Rdd1 h5 27. Rde1
Rxe1 28. Rxe1 Bf6 29. Be4 Re8 30. Bd2 Kg7 31. Kg2 Bd4 32. Bc2 Rxe1 33. Bxe1 Kf6
34. a4 Bf5 35. Bb3 Be4+ 36. Kf1 Bd3+ 37. Kg2 Ke5 38. a5 bxa5 39. Bxa5 Bb6 40.
Bc3+ Ke4 41. h3 Ke3 42. hxg4 hxg4 43. Bd1 Be2 44. Bb3 Kd3 45. Bf6 Kd2 46. Bd8
Kc3 0-1

[Event "Nakhchivan op"]
[Site "Nakhchivan"]
[Date "2015.05.07"]
[Round "6"]
[White "Khalifman, Alexander"]
[Black "Bajarani, Ulvi"]
[Result "1/2-1/2"]
[WhiteElo "2613"]
[BlackElo "2500"]
[PlyCount "24"]
[EventDate "2015.05.02"]
[EventType "swiss"]
[EventRounds "9"]
[EventCountry "AZE"]
[SourceTitle "CBM 166 Extra"]
[Source "ChessBase"]
[SourceDate "2015.06.18"]
[SourceVersion "1"]
[SourceVersionDate "2015.06.18"]
[SourceQuality "1"]

1. Nf3 f5 2. d4 g6 3. g3 Bg7 4. Bg2 Nf6 5. O-O O-O 6. c4 d6 7. Nc3 c6 8. d5 e5
9. e4 cxd5 10. cxd5 Na6 11. Ng5 Nc7 12. f3 Qe8 1/2-1/2

[Event "Nakhchivan op"]
[Site "Nakhchivan"]
[Date "2015.05.08"]
[Round "7"]
[White "Beradze, Irakli"]
[Black "Khalifman, Alexander"]
[Result "1/2-1/2"]
[WhiteElo "2310"]
[BlackElo "2613"]
[PlyCount "101"]
[EventDate "2015.05.02"]
[EventType "swiss"]
[EventRounds "9"]
[EventCountry "AZE"]
[SourceTitle "CBM 166 Extra"]
[Source "ChessBase"]
[SourceDate "2015.06.18"]
[SourceVersion "1"]
[SourceVersionDate "2015.06.18"]
[SourceQuality "1"]

1. d4 Nf6 2. Nf3 g6 3. g3 Bg7 4. Bg2 c5 5. c4 O-O 6. Nc3 cxd4 7. Nxd4 Nc6 8.
O-O Nxd4 9. Qxd4 d6 10. b3 Be6 11. Bb2 Nd5 12. Qd2 Nxc3 13. Bxc3 Bxc3 14. Qxc3
Qc7 15. Rac1 Rac8 16. Qd2 b6 17. Bf3 Qc5 18. Rfd1 Qe5 19. Rc3 Rc5 20. Re3 Qf6
21. Qd4 Qxd4 22. Rxd4 Rfc8 23. Kg2 R8c7 24. h4 b5 25. cxb5 Rxb5 26. Red3 f5 27.
Bd5 Kf7 28. Kf3 Rc2 29. Bxe6+ Kxe6 30. Rd2 Rc6 31. e3 Ra5 32. Rb4 Ra3 33. Rb7
Kf6 34. g4 fxg4+ 35. Kxg4 Rc5 36. Kg3 a6 37. b4 Rc4 38. Rb2 h5 39. Ra7 Rg4+ 40.
Kh3 Ra4 41. Ra8 Re4 42. Kg3 Ke6 43. Ra7 Kd5 44. b5 Rg4+ 45. Kf3 Rgb4 46. Rxb4
Rxb4 47. bxa6 Ke6 48. e4 Ra4 49. Ke3 Rxa2 50. f3 Ra3+ 51. Kf4 1/2-1/2

[Event "Nakhchivan op"]
[Site "Nakhchivan"]
[Date "2015.05.09"]
[Round "8"]
[White "Khalifman, Alexander"]
[Black "Safarli, Eltaj"]
[Result "1/2-1/2"]
[WhiteElo "2613"]
[BlackElo "2641"]
[PlyCount "21"]
[EventDate "2015.05.02"]
[EventType "swiss"]
[EventRounds "9"]
[EventCountry "AZE"]
[SourceTitle "CBM 166 Extra"]
[Source "ChessBase"]
[SourceDate "2015.06.18"]
[SourceVersion "1"]
[SourceVersionDate "2015.06.18"]
[SourceQuality "1"]

1. Nf3 f5 2. d3 d6 3. e4 e5 4. Nc3 Nc6 5. exf5 Nge7 6. Nh4 Nxf5 7. Qh5+ g6 8.
Nxg6 Ng7 9. Qh6 Nf5 10. Qh5 Ng7 11. Qh6 1/2-1/2